Blue Lock : Score toutes les sélections confondu - Statistiques

Statistiques générales
  • Ce quiz a été pris 98 fois
  • Le résultat moyen est 19 sur 31
Statistiques - réponses
Sélection Équipe Score % Correct
Première sélection Team X VS Team Z 5-1
85%
Introduction Matzukaze High School VS Ichinan High School 2-0
79%
Match U20 Blue Lock Eleven VS U20 Japon 4-3
72%
Neo Egoist League Bastard Munchen VS FC Barcha 3-2
70%
Première sélection Team V VS Team Z 4-5
70%
Première sélection Team Y VS Team Z 1-2
67%
Neo Egoist League Bastard Munich contre Manshine City 3-2
67%
Neo Egoist League Bastard Munchen VS Ubers 3-2
67%
Neo Egoist League FC Barcha VS Ubers 1-3
66%
Neo Egoist League Ubers VS Paris X Gen 2-3
66%
Deuxième sélection Team Isagi VS Team Rin / 4V4 4-5
66%
Deuxième sélection Team Isagi VS Team Baro / 2V2 5-4
66%
Deuxième sélection Team Isagi VS Team Kunigami / 3V3 5-4
66%
Deuxième sélection Team Nagi VS Team Kiyora 5-4
66%
Deuxième sélection Team Isagi VS Team Rin / 3V3 2-5
64%
Première sélection Team W VS Team Z 4-4
64%
Première sélection Team V VS Team Y 8-0
64%
Neo Egoist League Manshine City VS Paris X Gen 1-3
63%
Neo Egoist League FC Barcha VS Paris X Gen 2-3
63%
Troisième sélection Team A1 VS Team B1 5-4
63%
Deuxième sélection Team Nagi VS Team Hiiragi 5-3
61%
Neo Egoist League Manshine City VS Ubers 1-3
60%
Troisième sélection Team A2 VS Team C1 5-3
58%
Troisième sélection Team B2 VS Team C2 5-3
54%
Troisième sélection Team A4 VS Team C3 5-4
54%
Troisième sélection Team A3 VS Team B3 5-2
52%
Neo Egoist League FC Barcha VS Manshine City (Pas commencer) 0-0
51%
Neo Egoist League Bastard Munchen VS Paris X Gen (Pas terminer) 2-2
51%
Première sélection Team V VS Team X 5-2
45%
Première sélection Team W VS Team X 4-1
40%
Première sélection Team V VS Team W 5-1
40%
Aucun quiz correspondant
Distribution des résultats
% des personnes avec chaque résultat
Percentile par nombre de réponses
Votre historique - résultats
Vous n’avez pas pris ce quiz